Curso de derecho de familia: la filiación por naturaleza. Legislación, doctrina y jurisprudencia

Saved in:
書目詳細資料
主要作者: Court Murasso, Eduardo (Author)
格式: 圖書
語言:西班牙语
出版: Santiago Legal Publishing 2010
版:1a. ed
主題:
標簽: 添加標簽
沒有標簽, 成為第一個標記此記錄!

MARC

LEADER 00000cam a2200000 a 4500
001 UCG8632
003 CL-VaPUC
008 111223e20100300CL |||||||||||||||||spa|d
020 |a 9789562388900 
082 0 4 |a 346.83015  |b COU  |2 21 
100 0 |a Court Murasso, Eduardo  |e author  |9 559735 
245 1 0 |a Curso de derecho de familia: la filiación por naturaleza. Legislación, doctrina y jurisprudencia 
250 |a 1a. ed 
300 |a 109 p 
942 |c BK 
945 |d 20111223 00:00:00  |a dcastane 
260 |a Santiago  |b Legal Publishing  |c 2010 
650 0 |a Derecho de familia  |9 255603 
650 7 |a RELACIONES FAMILIARES  |2 CL-VaPUC  |9 333100 
650 0 |a Filiación  |9 256647 
583 |a last modification  |c 20111223 12:06:00  |k Rodrigo Vera 
999 |c 346236  |d 346234 
952 |0 0  |1 0  |4 0  |6 346_830150000000000_COU_2010  |7 0  |8 A  |9 446854  |a BIBDER  |b BIBDER  |d 2019-11-22  |i 4816188  |l 12  |m 8  |o 346.83015 COU 2010  |p 4816188  |r 2023-01-25  |s 2021-12-09  |w 2019-11-22  |y BK  |k DER